[Event "Skalica Open 2019"]
[Site "Skalica"]
[Date "2019.08.27"]
[Round "4.16"]
[White "Kuna, Martin"]
[Black "Hrbek, Stepan"]
[Result "0-1"]
[WhiteElo "1969"]
[BlackElo "2066"]
[Annotator "NA"]
[PlyCount "78"]
[EventDate "2019.08.25"]
[EventType "swiss"]
[EventCountry "SVK"]
[SourceTitle "playchess.com"]
[Source "ChessBase"]
[SourceQuality "1"]
[TimeControl "40/5400+30:1800+30"]

1. e4 {[%emt 0:00:00]} c5 {[%emt 0:00:00]} 2. Nf3 {[%emt 0:00:13]} Nc6 {[%emt 0:00:00]} 3. d4 {[%emt 0:00:28]} cxd4 {[%emt 0:00:00]} 4. Nxd4 {[%emt 0:00:06]} Nf6 {[%emt 0:00:00]} 5. Nc3 {[%emt 0:01:50]} e5 {[%emt 0:00:14]} 6. Ndb5 {[%emt 0:01:32]} d6 {[%emt 0:00:07]} 7. Bg5 {[%emt 0:00:26]} a6 {[%emt 0:00:48]} 8. Na3 {[%emt 0:00:22]} b5 {[%emt 0:00:05]} 9. Nd5 {[%emt 0:00:40]} Be7 {[%emt 0:00:43]} 10. Bxf6 {[%emt 0:00:57]} Bxf6 {[%emt 0:00:13]} 11. c3 {[%emt 0:00:29]} Bg5 {[%emt 0:00:15]} 12. Nc2 {[%emt 0:00:51]} Rb8 {[%emt 0:00:10]} 13. a4 {[%emt 0:06:09]} bxa4 {[%emt 0:00:31]} 14. Ncb4 {[%emt 0:00:05]} Nxb4 {[%emt 0:00:12]} 15. Nxb4 {[%emt 0:00:05]} Bd7 {[%emt 0:04:50]} 16. Qxd6 {[%emt 0:07:05]} Be7 {[%emt 0:14:27]} 17. Qd2 {[%emt 0:24:39]} Bxb4 {[%emt 0:12:06]} 18. cxb4 {[%emt 0:00:09]} Qb6 {[%emt 0:04:39]} 19. O-O-O {[%emt 0:27:20]} Be6 {[%emt 0:12:33]} 20. Qd6 {[%emt 0:08:34]} Qxb4 {[%emt 0:07:57]} 21. Qxb4 {[%emt 0:05:03]} Rxb4 {[%emt 0:00:41]} 22. Bxa6 {[%emt 0:00:18]} Ke7 {[%emt 0:17:21]} 23. Rd2 {[%emt 0:03:25]} Rxe4 {[%emt 0:09:11]} 24. f3 {[%emt 0:02:06]} Rb4 {[%emt 0:02:43]} 25. Re1 {[%emt 0:00:19]} f6 {[%emt 0:00:12]} 26. Re4 {[%emt 0:01:03]} Rb6 {[%emt 0:04:40]} 27. Bd3 {[%emt 0:01:17]} Ra8 {[%emt 0:03:41]} 28. Re3 {[%emt 0:02:47]} a3 {[%emt 0:00:55]} 29. bxa3 {[%emt 0:00:06]} Rxa3 {[%emt 0:00:04]} 30. Kd1 {[%emt 0:01:14]} Rbb3 {[%emt 0:00:48]} 31. Ke2 {[%emt 0:00:09]} Bc4 {[%emt 0:02:02]} 32. g4 {[%emt 0:01:59]} g6 {[%emt 0:00:37]} 33. h4 {[%emt 0:00:05]} Kf8 {[%emt 0:00:27]} 34. Rd1 {[%emt 0:00:52]} f5 {[%emt 0:00:10]} 35. gxf5 {[%emt 0:00:22]} gxf5 {[%emt 0:00:48]} 36. Rd2 {[%emt 0:00:45]} Rxd3 {[%emt 0:00:17]} 37. Rexd3 {[%emt 0:00:09]} Rxd3 {[%emt 0:00:13]} 38. Rxd3 {[%emt 0:00:02]} e4 {[%emt 0:00:04]} 39. fxe4 {[%emt 0:00:10]} fxe4 {[%emt 0:00:04]} 0-1

[Event "Skalica Open 2019"]
[Site "Skalica"]
[Date "2019.08.27"]
[Round "4.17"]
[White "Gasa, Patrik"]
[Black "Kovarikova, Maria"]
[Result "1-0"]
[WhiteElo "2187"]
[BlackElo "1854"]
[Annotator "NA"]
[PlyCount "71"]
[EventDate "2019.08.25"]
[EventType "swiss"]
[EventCountry "SVK"]
[SourceTitle "playchess.com"]
[Source "ChessBase"]
[SourceQuality "1"]
[TimeControl "40/5400+30:1800+30"]

1. d4 {[%emt 0:00:00]} Nf6 {[%emt 0:00:00]} 2. c4 {[%emt 0:00:00]} e5 {[%emt 0:00:00]} 3. dxe5 {[%emt 0:00:00]} Ng4 {[%emt 0:00:00]} 4. Nf3 {[%emt 0:00:00]} Bc5 {[%emt 0:00:00]} 5. e3 {[%emt 0:00:00]} Nc6 {[%emt 0:00:14]} 6. Nc3 {[%emt 0:00:16]} O-O {[%emt 0:01:25]} 7. Be2 {[%emt 0:04:10]} Ngxe5 {[%emt 0:01:45]} 8. O-O {[%emt 0:07:08]} Kh8 {[%emt 0:13:59]} 9. Nxe5 {[%emt 0:09:32]} Nxe5 {[%emt 0:00:21]} 10. f4 {[%emt 0:00:14]} Nc6 {[%emt 0:00:51]} 11. Kh1 {[%emt 0:01:20]} f5 {[%emt 0:01:32]} 12. e4 {[%emt 0:04:58]} d6 {[%emt 0:12:38]} 13. Bd3 {[%emt 0:06:30]} Nb4 {[%emt 0:12:28]} 14. Bb1 {[%emt 0:11:38]} Rf6 {[%emt 0:12:04]} 15. Qh5 {[%emt 0:31:17]} Be6 {[%emt 0:14:12]} 16. b3 {[%emt 0:14:50]} Bd4 {[%emt 0:07:26]} 17. Bd2 {[%emt 0:00:16]} Rh6 {[%emt 0:02:16]} 18. Qg5 {[%emt 0:00:01]} Bf6 {[%emt 0:00:13]} 19. Qg3 {[%emt 0:00:42]} Qd7 {[%emt 0:05:14]} 20. a3 {[%emt 0:06:10]} Nc6 {[%emt 0:00:24]} 21. exf5 {[%emt 0:00:33]} Bxf5 {[%emt 0:00:13]} 22. Bxf5 {[%emt 0:00:01]} Qxf5 {[%emt 0:00:09]} 23. Rad1 {[%emt 0:00:26]} Bh4 {[%emt 0:04:33]} 24. Qe3 {[%emt 0:00:10]} Bf6 {[%emt 0:00:56]} 25. Nd5 {[%emt 0:01:13]} Bd4 {[%emt 0:02:11]} 26. Qf3 {[%emt 0:00:24]} Bb6 {[%emt 0:07:01]} 27. Bc3 {[%emt 0:00:15]} Nd8 {[%emt 0:00:44]} 28. Rde1 {[%emt 0:00:43]} Ne6 {[%emt 0:00:22]} 29. g4 {[%emt 0:00:32]} Qf8 {[%emt 0:00:42]} 30. Rxe6 {[%emt 0:01:03]} Rxe6 {[%emt 0:00:09]} 31. f5 {[%emt 0:00:01]} Rh6 {[%emt 0:00:48]} 32. f6 {[%emt 0:00:35]} gxf6 {[%emt 0:00:29]} 33. Nxf6 {[%emt 0:00:54]} d5 {[%emt 0:00:37]} 34. Nxd5+ {[%emt 0:00:33]} Kg8 {[%emt 0:00:16]} 35. Qxf8+ {[%emt 0:00:08]} Rxf8 {[%emt 0:00:10]} 36. Ne7# {c6} 1-0

[Event "Skalica Open 2019"]
[Site "Skalica"]
[Date "2019.08.27"]
[Round "4.18"]
[White "Benes, Miroslav"]
[Black "Bilczewski, Kacper"]
[Result "0-1"]
[WhiteElo "2107"]
[BlackElo "2116"]
[Annotator "NA"]
[PlyCount "116"]
[EventDate "2019.08.25"]
[EventType "swiss"]
[EventCountry "SVK"]
[SourceTitle "playchess.com"]
[Source "ChessBase"]
[SourceQuality "1"]
[TimeControl "40/5400+30:1800+30"]

1. c4 {[%emt 0:00:00]} c6 {[%emt 0:00:00]} 2. Nf3 {[%emt 0:00:10]} d5 {[%emt 0:00:00]} 3. d4 {[%emt 0:00:30]} Nf6 {[%emt 0:00:00]} 4. Nc3 {[%emt 0:00:20]} e6 {[%emt 0:00:00]} 5. e3 {[%emt 0:00:33]} Nbd7 {[%emt 0:00:00]} 6. Qc2 {[%emt 0:00:42]} Bd6 {[%emt 0:00:00]} 7. g4 {[%emt 0:00:16]} dxc4 {[%emt 0:15:46]} 8. Bxc4 {[%emt 0:00:24]} Qe7 {[%emt 0:12:11]} 9. Bd2 {[%emt 0:05:02]} Nb6 {[%emt 0:31:29]} 10. Bd3 {[%emt 0:11:39]} Nbd5 {[%emt 0:04:23]} 11. a3 {[%emt 0:01:33]} Nxc3 {[%emt 0:11:27]} 12. Bxc3 {[%emt 0:03:34]} Nd5 {[%emt 0:00:49]} 13. Bd2 {[%emt 0:02:44]} Bd7 {[%emt 0:05:28]} 14. Ne5 {[%emt 0:19:52]} Bxe5 {[%emt 0:04:12]} 15. dxe5 {[%emt 0:00:02]} Qg5 {[%emt 0:00:07]} 16. O-O-O {[%emt 0:10:28]} Qxe5 {[%emt 0:00:13]} 17. e4 {[%emt 0:03:02]} Nf4 {[%emt 0:00:52]} 18. Bc3 {[%emt 0:02:49]} Qg5 {[%emt 0:03:40]} 19. Kb1 {[%emt 0:00:12]} e5 {[%emt 0:05:12]} 20. h4 {[%emt 0:05:01]} Qf6 {[%emt 0:00:30]} 21. Bc4 {[%emt 0:03:58]} O-O-O {[%emt 0:01:50]} 22. g5 {[%emt 0:00:42]} Qe7 {[%emt 0:00:36]} 23. Bb4 {[%emt 0:05:29]} c5 {[%emt 0:00:13]} 24. Bd5 {[%emt 0:07:21]} b6 {[%emt 0:01:16]} 25. Bb3 {[%emt 0:09:20]} Be6 {[%emt 0:00:43]} 26. Bc3 {[%emt 0:03:38]} Bxb3 {[%emt 0:01:00]} 27. Qxb3 {[%emt 0:00:01]} Rxd1+ {[%emt 0:00:12]} 28. Rxd1 {[%emt 0:00:11]} Rd8 {[%emt 0:00:07]} 29. Rxd8+ {[%emt 0:01:04]} Kxd8 {[%emt 0:00:04]} 30. a4 {[%emt 0:01:59]} Kc7 {[%emt 0:01:31]} 31. a5 {[%emt 0:00:15]} Ne2 {[%emt 0:00:47]} 32. a6 {[%emt 0:02:21]} Nxc3+ {[%emt 0:00:12]} 33. bxc3 {[%emt 0:00:26]} Qe6 {[%emt 0:00:15]} 34. c4 {[%emt 0:00:21]} Qd7 {[%emt 0:00:36]} 35. Qf3 {[%emt 0:00:44]} b5 {[%emt 0:01:04]} 36. Qc3 {[%emt 0:00:32]} Qd1+ {[%emt 0:00:23]} 37. Ka2 {[%emt 0:00:42]} Qa4+ {[%emt 0:00:28]} 38. Kb2 {[%emt 0:00:26]} Qb4+ {[%emt 0:00:19]} 39. Qxb4 {[%emt 0:00:30]} cxb4 {[%emt 0:00:03]} 40. Kb3 {[%emt 0:00:34]} bxc4+ {[%emt 0:00:09]} 41. Kxc4 {[%emt 0:01:47]} Kb6 {[%emt 0:00:04]} 42. Kxb4 {[%emt 0:00:06]} Kxa6 {[%emt 0:00:03]} 43. Kc5 {[%emt 0:00:21]} Ka5 {[%emt 0:02:42]} 44. h5 {[%emt 0:01:52]} h6 {[%emt 0:07:07]} 45. gxh6 {[%emt 0:03:26]} gxh6 {[%emt 0:00:04]} 46. Kd5 {[%emt 0:00:19]} Kb4 {[%emt 0:02:21]} 47. Kxe5 {[%emt 0:00:02]} a5 {[%emt 0:00:12]} 48. Kf6 {[%emt 0:00:07]} a4 {[%emt 0:00:07]} 49. e5 {[%emt 0:00:28]} a3 {[%emt 0:00:07]} 50. Kxf7 {[%emt 0:00:12]} a2 {[%emt 0:00:04]} 51. e6 {[%emt 0:00:04]} a1=Q {[%emt 0:00:07]} 52. e7 {[%emt 0:00:06]} Qa2+ {[%emt 0:00:26]} 53. Kg7 {[%emt 0:01:46]} Qe6 {[%emt 0:00:13]} 54. Kf8 {[%emt 0:00:12]} Qf6+ {[%emt 0:00:06]} 55. Ke8 {[%emt 0:00:37]} Kc5 {[%emt 0:00:38]} 56. Kd7 {[%emt 0:00:28]} Qc6+ {[%emt 0:01:31]} 57. Kd8 {[%emt 0:00:05]} Kd6 {[%emt 0:01:21]} 58. e8=N+ {[%emt 0:00:19]} Ke6 {[%emt 0:00:45]} 0-1

[Event "Skalica Open 2019"]
[Site "Skalica"]
[Date "2019.08.27"]
[Round "4.19"]
[White "Chan, Naruna"]
[Black "Londin, Simon"]
[Result "0-1"]
[WhiteElo "1950"]
[BlackElo "2038"]
[Annotator "NA"]
[PlyCount "92"]
[EventDate "2019.08.25"]
[EventType "swiss"]
[EventCountry "SVK"]
[SourceTitle "playchess.com"]
[Source "ChessBase"]
[SourceQuality "1"]
[TimeControl "40/5400+30:1800+30"]

1. e4 {[%emt 0:00:00]} c5 {[%emt 0:00:00]} 2. c3 {[%emt 0:00:00]} g6 {[%emt 0:00:00]} 3. Nf3 {[%emt 0:00:00]} Bg7 {[%emt 0:00:00]} 4. d4 {[%emt 0:00:00]} cxd4 {[%emt 0:00:00]} 5. cxd4 {[%emt 0:00:02]} d5 {[%emt 0:00:00]} 6. e5 {[%emt 0:00:05]} Bg4 {[%emt 0:00:13]} 7. Bb5+ {[%emt 0:00:08]} Nc6 {[%emt 0:00:43]} 8. Bxc6+ {[%emt 0:00:06]} bxc6 {[%emt 0:00:05]} 9. Nbd2 {[%emt 0:00:06]} e6 {[%emt 0:11:25]} 10. h3 {[%emt 0:07:40]} Bf5 {[%emt 0:00:45]} 11. O-O {[%emt 0:01:30]} Ne7 {[%emt 0:15:03]} 12. Re1 {[%emt 0:05:19]} h6 {[%emt 0:03:52]} 13. Nb3 {[%emt 0:11:48]} g5 {[%emt 0:00:27]} 14. Be3 {[%emt 0:04:06]} Bg6 {[%emt 0:04:04]} 15. Rc1 {[%emt 0:04:42]} O-O {[%emt 0:01:02]} 16. Bd2 {[%emt 0:00:11]} a5 {[%emt 0:02:18]} 17. Nc5 {[%emt 0:01:28]} Qc7 {[%emt 0:00:49]} 18. h4 {[%emt 0:08:09]} g4 {[%emt 0:00:45]} 19. Nh2 {[%emt 0:00:06]} h5 {[%emt 0:00:29]} 20. Bg5 {[%emt 0:02:08]} Nf5 {[%emt 0:00:28]} 21. Nxg4 {[%emt 0:09:29]} hxg4 {[%emt 0:01:20]} 22. Qxg4 {[%emt 0:00:04]} Kh8 {[%emt 0:12:46]} 23. h5 {[%emt 0:01:09]} Bh7 {[%emt 0:00:02]} 24. Qf4 {[%emt 0:02:59]} f6 {[%emt 0:08:20]} 25. exf6 {[%emt 0:10:56]} Qxf4 {[%emt 0:00:09]} 26. fxg7+ {[%emt 0:00:04]} Nxg7 {[%emt 0:00:06]} 27. Bxf4 {[%emt 0:00:03]} Rxf4 {[%emt 0:00:07]} 28. h6 {[%emt 0:00:02]} Nf5 {[%emt 0:05:32]} 29. Nxe6 {[%emt 0:00:09]} Rg4 {[%emt 0:00:21]} 30. f3 {[%emt 0:14:17]} Rg3 {[%emt 0:00:50]} 31. Kf2 {[%emt 0:01:05]} Rag8 {[%emt 0:00:01]} 32. Ng7 {[%emt 0:00:42]} Rg6 {[%emt 0:01:02]} 33. g4 {[%emt 0:02:55]} Nxd4 {[%emt 0:04:10]} 34. Red1 {[%emt 0:05:50]} Rxh6 {[%emt 0:01:35]} 35. Nh5 {[%emt 0:00:26]} Nc2 {[%emt 0:01:01]} 36. a3 {[%emt 0:00:50]} Rb8 {[%emt 0:00:30]} 37. Kg3 {[%emt 0:01:55]} Rxb2 {[%emt 0:01:21]} 38. Rh1 {[%emt 0:00:34]} Bg6 {[%emt 0:03:42]} 39. Nf6 {[%emt 0:02:32]} Rxh1 {[%emt 0:00:26]} 40. Rxh1+ {[%emt 0:00:05]} Kg7 {[%emt 0:00:03]} 41. g5 {[%emt 0:30:25]} d4 {[%emt 0:32:11]} 42. Rh2 {[%emt 0:02:37]} d3 {[%emt 0:02:07]} 43. Ng4 {[%emt 0:00:41]} Rb5 {[%emt 0:00:36]} 44. f4 {[%emt 0:00:10]} Rd5 {[%emt 0:00:16]} 45. Rd2 {[%emt 0:00:12]} Nxa3 {[%emt 0:00:37]} 46. Ne3 {[%emt 0:00:19]} Nb1 {[%emt 0:03:13]} 0-1

[Event "Skalica Open 2019"]
[Site "Skalica"]
[Date "2019.08.27"]
[Round "4.20"]
[White "Sefcik, Marek"]
[Black "Lhotska, Anna"]
[Result "1-0"]
[WhiteElo "2024"]
[BlackElo "1966"]
[Annotator "NA"]
[PlyCount "143"]
[EventDate "2019.08.25"]
[EventType "swiss"]
[EventCountry "SVK"]
[SourceTitle "playchess.com"]
[Source "ChessBase"]
[SourceQuality "1"]
[TimeControl "40/5400+30:1800+30"]

1. e4 {[%emt 0:00:00]} c5 {[%emt 0:00:00]} 2. Nf3 {[%emt 0:00:00]} d6 {[%emt 0:00:00]} 3. d4 {[%emt 0:00:00]} cxd4 {[%emt 0:00:00]} 4. Qxd4 {[%emt 0:00:00]} Nc6 {[%emt 0:00:24]} 5. Bb5 {[%emt 0:00:07]} a6 {[%emt 0:03:36]} 6. Bxc6+ {[%emt 0:00:10]} bxc6 {[%emt 0:00:06]} 7. c4 {[%emt 0:02:50]} e6 {[%emt 0:11:29]} 8. Nc3 {[%emt 0:01:12]} c5 {[%emt 0:07:36]} 9. Qd3 {[%emt 0:00:25]} Bb7 {[%emt 0:00:21]} 10. O-O {[%emt 0:02:54]} Qc7 {[%emt 0:02:55]} 11. Bf4 {[%emt 0:04:41]} Rd8 {[%emt 0:02:27]} 12. Rad1 {[%emt 0:04:28]} Be7 {[%emt 0:04:18]} 13. Rfe1 {[%emt 0:03:28]} Nf6 {[%emt 0:04:01]} 14. h3 {[%emt 0:04:21]} O-O {[%emt 0:01:47]} 15. Qe3 {[%emt 0:01:32]} Qb6 {[%emt 0:16:48]} 16. Rd2 {[%emt 0:04:23]} Rd7 {[%emt 0:06:51]} 17. Red1 {[%emt 0:08:48]} Rfd8 {[%emt 0:01:55]} 18. b3 {[%emt 0:00:57]} Qc6 {[%emt 0:09:52]} 19. Re2 {[%emt 0:04:28]} Bf8 {[%emt 0:10:43]} 20. Bg5 {[%emt 0:04:37]} Be7 {[%emt 0:01:20]} 21. Bh4 {[%emt 0:09:43]} Qc8 {[%emt 0:06:19]} 22. Rde1 {[%emt 0:06:46]} Qa8 {[%emt 0:00:37]} 23. Na4 {[%emt 0:02:23]} Rc7 {[%emt 0:01:38]} 24. Nd2 {[%emt 0:00:38]} Bc6 {[%emt 0:00:59]} 25. Nc3 {[%emt 0:00:18]} Qb7 {[%emt 0:04:08]} 26. Bg3 {[%emt 0:00:36]} Rcd7 {[%emt 0:00:24]} 27. f3 {[%emt 0:01:08]} h6 {[%emt 0:01:51]} 28. Bf2 {[%emt 0:01:19]} Nh5 {[%emt 0:00:23]} 29. f4 {[%emt 0:01:12]} Bf6 {[%emt 0:00:44]} 30. g3 {[%emt 0:02:30]} Bd4 {[%emt 0:00:53]} 31. Qd3 {[%emt 0:02:06]} Bf6 {[%emt 0:00:33]} 32. Nf1 {[%emt 0:03:06]} Bxc3 {[%emt 0:00:31]} 33. Qxc3 {[%emt 0:00:05]} Nf6 {[%emt 0:00:08]} 34. Qc2 {[%emt 0:01:19]} Rc7 {[%emt 0:00:32]} 35. Nh2 {[%emt 0:02:33]} a5 {[%emt 0:00:38]} 36. Nf3 {[%emt 0:04:33]} d5 {[%emt 0:00:39]} 37. exd5 {[%emt 0:00:31]} exd5 {[%emt 0:00:05]} 38. Ne5 {[%emt 0:00:26]} d4 {[%emt 0:00:33]} 39. Nxc6 {[%emt 0:00:19]} Qxc6 {[%emt 0:00:17]} 40. Qd3 {[%emt 0:00:28]} Rb8 {[%emt 0:01:04]} 41. g4 {[%emt 0:31:44]} Rcc8 {[%emt 0:04:55]} 42. Bh4 {[%emt 0:00:00]} Ne8 {[%emt 0:05:27]} 43. Re7 {[%emt 0:00:00]} Rc7 {[%emt 0:01:33]} 44. Qe4 {[%emt 0:00:00]} Qxe4 {[%emt 0:04:08]} 45. R1xe4 {[%emt 0:00:00]} Rcc8 {[%emt 0:02:13]} 46. Ra7 {[%emt 0:00:00]} Ra8 {[%emt 0:03:14]} 47. Ree7 {[%emt 0:00:00]} f6 {[%emt 0:00:41]} 48. Be1 {[%emt 0:00:00]} a4 {[%emt 0:00:43]} 49. bxa4 {[%emt 0:00:00]} Rxa7 {[%emt 0:00:52]} 50. Rxa7 {[%emt 0:00:00]} Nd6 {[%emt 0:01:01]} 51. a5 {[%emt 0:00:00]} Nxc4 {[%emt 0:00:23]} 52. Rd7 {[%emt 0:00:00]} Rc6 {[%emt 0:01:45]} 53. Rd5 {[%emt 0:00:00]} Ne3 {[%emt 0:02:18]} 54. Rd7 {[%emt 0:00:00]} Nc2 {[%emt 0:00:37]} 55. Bd2 {[%emt 0:01:47]} c4 {[%emt 0:00:34]} 56. Kf2 {[%emt 0:02:35]} d3 {[%emt 0:01:51]} 57. Bc3 {[%emt 0:00:39]} Re6 {[%emt 0:01:14]} 58. g5 {[%emt 0:06:03]} hxg5 {[%emt 0:03:00]} 59. fxg5 {[%emt 0:00:02]} Kf8 {[%emt 0:00:23]} 60. g6 {[%emt 0:01:09]} Re2+ {[%emt 0:01:37]} 61. Kf3 {[%emt 0:00:34]} Re3+ {[%emt 0:00:18]} 62. Kf4 {[%emt 0:01:20]} Re6 {[%emt 0:00:20]} 63. Rf7+ {[%emt 0:03:52]} Ke8 {[%emt 0:01:19]} 64. Rxg7 {[%emt 0:00:19]} Kf8 {[%emt 0:00:46]} 65. Rd7 {[%emt 0:03:21]} Re2 {[%emt 0:00:52]} 66. a6 {[%emt 0:01:13]} Rf2+ {[%emt 0:00:40]} 67. Kg3 {[%emt 0:00:34]} Re2 {[%emt 0:00:13]} 68. a7 {[%emt 0:00:24]} Re8 {[%emt 0:00:08]} 69. h4 {[%emt 0:00:23]} Ne3 {[%emt 0:00:15]} 70. Rb7 {[%emt 0:04:04]} Nd5 {[%emt 0:00:43]} 71. Rb8 {[%emt 0:00:46]} Nc7 {[%emt 0:00:08]} 72. Bb4+ 1-0

[Event "Skalica Open 2019"]
[Site "Skalica"]
[Date "2019.08.27"]
[Round "4.21"]
[White "Krakovsky, Peter"]
[Black "Petkevich, Denis"]
[Result "1/2-1/2"]
[WhiteElo "1000"]
[BlackElo "1863"]
[Annotator "NA"]
[PlyCount "43"]
[EventDate "2019.08.25"]
[EventType "swiss"]
[EventCountry "SVK"]
[SourceTitle "playchess.com"]
[Source "ChessBase"]
[SourceQuality "1"]
[TimeControl "40/5400+30:1800+30"]

1. c4 {[%emt 0:00:00]} Nf6 {[%emt 0:00:00]} 2. Nc3 {[%emt 0:00:00]} g6 {[%emt 0:00:10]} 3. g3 {[%emt 0:00:00]} Bg7 {[%emt 0:00:12]} 4. Bg2 {[%emt 0:00:00]} O-O {[%emt 0:00:08]} 5. Nf3 {[%emt 0:00:22]} d5 {[%emt 0:01:45]} 6. cxd5 {[%emt 0:00:39]} Nxd5 {[%emt 0:00:05]} 7. O-O {[%emt 0:00:18]} Nxc3 {[%emt 0:00:48]} 8. dxc3 {[%emt 0:00:43]} c6 {[%emt 0:06:26]} 9. Bf4 {[%emt 0:05:05]} Bg4 {[%emt 0:04:07]} 10. Qb3 {[%emt 0:02:01]} Qb6 {[%emt 0:05:14]} 11. Be3 {[%emt 0:06:50]} Qc7 {[%emt 0:01:46]} 12. Rfd1 {[%emt 0:01:44]} Nd7 {[%emt 0:01:48]} 13. h3 {[%emt 0:01:38]} Bxf3 {[%emt 0:04:23]} 14. exf3 {[%emt 0:03:01]} Rad8 {[%emt 0:07:25]} 15. f4 {[%emt 0:01:04]} Nb6 {[%emt 0:00:10]} 16. Bxb6 {[%emt 0:02:14]} axb6 {[%emt 0:00:04]} 17. Rxd8 {[%emt 0:01:45]} Rxd8 {[%emt 0:00:06]} 18. Rd1 {[%emt 0:00:10]} e5 {[%emt 0:01:09]} 19. fxe5 {[%emt 0:02:17]} Bxe5 {[%emt 0:00:20]} 20. Qc2 {[%emt 0:01:43]} b5 {[%emt 0:01:14]} 21. Rd3 {[%emt 0:00:42]} Kg7 {[%emt 0:05:00]} 22. Qd1 {[%emt 0:03:16]} 1/2-1/2

[Event "Skalica Open 2019"]
[Site "Skalica"]
[Date "2019.08.27"]
[Round "4.22"]
[White "Londin, Lukas Vojtech"]
[Black "Ivanov, Alexander"]
[Result "1/2-1/2"]
[WhiteElo "1415"]
[BlackElo "2473"]
[Annotator "ChessBase"]
[PlyCount "83"]
[EventDate "2019.08.25"]
[EventType "swiss"]
[EventCountry "SVK"]
[SourceTitle "playchess.com"]
[Source "ChessBase"]
[SourceQuality "1"]
[TimeControl "40/5400+30:1800+30"]

1. e4 {[%emt 0:00:00]} c6 {[%emt 0:00:00]} 2. d4 {[%emt 0:00:00]} d5 {[%emt 0:00:00]} 3. Bd3 {[%emt 0:03:03]} dxe4 {[%emt 0:00:51]} 4. Bxe4 {[%emt 0:00:07]} Nf6 {[%emt 0:00:24]} 5. Bf3 {[%emt 0:00:33]} Bf5 {[%emt 0:01:03]} 6. Ne2 {[%emt 0:00:36]} e6 {[%emt 0:01:51]} 7. Bf4 {[%emt 0:00:22]} Nbd7 {[%emt 0:04:56]} 8. c4 {[%emt 0:01:30]} Bb4+ {[%emt 0:28:07]} 9. Nbc3 {[%emt 0:01:08]} Ne4 {[%emt 0:02:07]} 10. O-O {[%emt 0:00:29]} Nd6 {[%emt 0:15:48]} 11. b3 {[%emt 0:03:46]} O-O {[%emt 0:08:04]} 12. a3 {[%emt 0:02:26]} Bxc3 {[%emt 0:00:12]} 13. Nxc3 {[%emt 0:00:05]} Nf6 {[%emt 0:01:06]} 14. Re1 {[%emt 0:00:52]} Bg6 {[%emt 0:05:09]} 15. d5 {[%emt 0:04:47]} exd5 {[%emt 0:05:45]} 16. cxd5 {[%emt 0:01:53]} c5 {[%emt 0:00:41]} 17. Rc1 {[%emt 0:03:33]} a6 {[%emt 0:02:15]} 18. Na4 {[%emt 0:06:14]} b6 {[%emt 0:01:36]} 19. b4 {[%emt 0:00:51]} cxb4 {[%emt 0:01:52]} 20. axb4 {[%emt 0:00:16]} b5 {[%emt 0:06:58]} 21. Nc5 {[%emt 0:00:49]} Re8 {[%emt 0:01:09]} 22. Qd4 {[%emt 0:09:44]} Qb6 {[%emt 0:05:39]} 23. Bxd6 {[%emt 0:06:19]} Qxd6 {[%emt 0:00:15]} 24. Nb7 {[%emt 0:00:05]} Qd7 {[%emt 0:02:11]} 25. d6 {[%emt 0:00:07]} Rxe1+ {[%emt 0:00:30]} 26. Rxe1 {[%emt 0:00:06]} Re8 {[%emt 0:00:25]} 27. Rxe8+ {[%emt 0:01:08]} Qxe8 {[%emt 0:00:39]} 28. h3 {[%emt 0:00:08]} Bf5 {[%emt 0:01:36]} 29. Nc5 {[%emt 0:01:27]} Bc8 {[%emt 0:01:14]} 30. Bg4 {[%emt 0:05:15]} Bxg4 {[%emt 0:01:33]} 31. hxg4 {[%emt 0:00:05]} Nd7 {[%emt 0:00:14]} 32. Nxd7 {[%emt 0:00:06]} Qxd7 {[%emt 0:00:08]} 33. Qb6 {[%emt 0:00:08]} Kf8 {[%emt 0:01:26]} 34. Qb8+ {[%emt 0:00:08]} Qe8 {[%emt 0:00:06]} 35. Qc7 {[%emt 0:00:12]} Qe1+ {[%emt 0:00:54]} 36. Kh2 {[%emt 0:00:07]} Qe5+ {[%emt 0:00:04]} 37. g3 {[%emt 0:00:05]} g6 {[%emt 0:00:12]} 38. Qc8+ {[%emt 0:00:11]} Kg7 {[%emt 0:00:09]} 39. d7 {[%emt 0:00:24]} Qd4 {[%emt 0:00:10]} 40. Kg1 {[%emt 0:01:20]} Qd1+ {[%emt 0:00:06]} 41. Kg2 {[%emt 0:30:13]} Qd5+ {[%emt 0:30:07]} 42. Kh2 {[%emt 0:01:14]} 1/2-1/2